书目信息 |
| 题名: |
常用哲学名词词典
|
|
| 作者: | 黄鸣 主编 | |
| 分册: | ||
| 出版信息: | 南宁 广西人民出版社 1985 |
|
| 页数: | 380页 | |
| 开本: | 19cm | |
| 丛书名: | ||
| 单 册: | ||
| 中图分类: | B-61 | |
| 科图分类: | ||
| 主题词: | 哲学--词典 | |
| 电子资源: | ||
| ISBN: | ||
| 000 | 00626nam0 2200229 45 | |
| 001 | 0185000723 | |
| 005 | 20041222100422.7 | |
| 010 | @b精装@dCNY3.10 | |
| 091 | @aCN@b2113.29 | |
| 100 | @a19900921d1985 em y0chiy0121 ea | |
| 101 | 0 | @achi |
| 102 | @aCN@b450000 | |
| 105 | @ay e 001yy | |
| 200 | 10 | @a常用哲学名词词典@Achang yong zhe xue ming ci ci dian@f黄鸣主编@FHuang Ming Zhu Bian |
| 210 | @a南宁@c广西人民出版社@d1985 | |
| 215 | @a380页@d19cm | |
| 606 | @a哲学@x词典 | |
| 690 | @aB-61@v3 | |
| 701 | 0 | @a黄鸣@4主编 |
| 801 | 0 | @aCN@b深圳图书馆@c20041222 |
| 801 | 2 | @aCN@bNLC@c20041222 |
| 905 | @f1@b138450@dB-61@e10 | |
| 常用哲学名词词典/黄鸣主编.-南宁:广西人民出版社,1985 |
| 380页;19cm |
| ISBN (精装):CNY3.10 |
| ● |
| 相关链接 |
|
|
|
|
正题名:常用哲学名词词典
索取号:B-61/10
 
预约/预借
| 序号 | 登录号 | 条形码 | 馆藏地/架位号 | 状态 | 备注 |
| 1 | 0138450 | 001968874 | 第一借阅区/ [索取号:B-61/10] | 在馆 | |
| 2 | 0138451 | 001391121 | 密集书库/ [索取号:B-61/10] | 在馆 | |
| 3 | 0138452 | 002047644 | 第一样本阅览室/ [索取号:B-61/10] | 在馆 |